Bài tập nguyên lý máy /
Gardado en:
| Autor Principal: | |
|---|---|
| Formato: | Libro |
| Idioma: | Vietnamese |
| Publicado: |
H. :
Đại học và trung học chuyên nghiệp ,
1978
|
| Edición: | In lần thứ 1 |
| Những chủ đề: | |
| Các nhãn: |
Engadir etiqueta
Sen Etiquetas, Sexa o primeiro en etiquetar este rexistro!
|
| Thư viện lưu trữ: | Thư viện Trường CĐ Kỹ Thuật Cao Thắng |
|---|
| LEADER | 01110nam a2200241 a 4500 | ||
|---|---|---|---|
| 001 | TVCDKTCT190 | ||
| 003 | Thư viện trường Cao đẳng Kỹ thuật Cao Thắng | ||
| 005 | 20221010083435.000 | ||
| 008 | 050730 | ||
| 980 | \ | \ | |a Thư viện Trường CĐ Kỹ Thuật Cao Thắng |
| 024 | |a RG_1 #1 eb0 i1 | ||
| 041 | 0 | # | |a vie |
| 082 | # | # | |a 621.801 / |b T100H-b |
| 100 | 1 | # | |a Tạ Ngọc Hải |
| 245 | 0 | 0 | |a Bài tập nguyên lý máy / |c Tạ Ngọc Hải |
| 250 | # | # | |a In lần thứ 1 |
| 260 | # | # | |a H. : |b Đại học và trung học chuyên nghiệp , |c 1978 |
| 300 | # | # | |a 191tr. ; |c 22cm |
| 650 | # | 4 | |a Nguyên lý máy |
| 650 | # | 4 | |a Principles and Elements of Machine |
| 653 | # | # | |a Mechanical Engineering Technology |
| 721 | # | # | |a CNKT Cơ khí |
| 841 | # | # | |b Kho Sách |j 100002399, 100002400, 100002401, 100002461, 100002462, 100002463, 100002550, 100002551, 100002552, 100002553, 100002555, 100002556, 100002557, 100002558, 100002559, 100002560, 100002561, 100002562, 100002563, 100002564, 100002565, 100002566, 100002567, 100002568, 100002569, 100002570, 100002571, 100002572 |